000 00203 a2200097 4500
001 11
100 _aMueller
245 _aChina & Japan Emerging Global Powers
260 _a
_bPraejer
_c
090 _c11
_d11
942 _aNUST-CAE
_cM
_c1113
999 _c235084
_d235084